| 000 | 00788nam a2200265 u 4500 | ||
|---|---|---|---|
| 001 | 176814 | ||
| 005 | 20260506080242.0 | ||
| 008 | 980508s1985 spa | ||
| 035 | _a176814 | ||
| 035 | _a(OCoLC)778044748 | ||
| 040 | _ccomduadb | ||
| 041 | _aspa | ||
| 080 | _aHB | ||
| 082 | 4 | _a332 | |
| 111 | 2 | 0 |
_aForo Sindical Latinoamericano sobre el Fondo Monetario Internacional (1985 : Bogota), _4aut _eaut |
| 245 | 1 | 0 | _aForo sindical latinoamericano sobre el F:M:I |
| 260 |
_aBogotá : _bInstituto Nacional Sindical, _c1985. |
||
| 300 | _a124 páginas | ||
| 500 | _adonacion: sep 18/87. | ||
| 600 | 0 |
_aRawls, John _d1921-2002 _9238079 |
|
| 650 | 7 |
_aEconomía _2armarc _9934 |
|
| 650 |
_aAmérica Latina _91288 |
||
| 651 | 7 |
_aColombia _2embne _9870547 |
|
| 942 | _cBOOK | ||
| 999 |
_c84591 _d84591 |
||